Indek's al Quran
| Main Author: | |
|---|---|
| Format: | Book |
| Published: |
Kuala Lumpur :
A.S Noordeen ,
1994
|
| Subjects: |
MARC
| LEADER | 00000cam a2200000 7i4500 | ||
|---|---|---|---|
| 001 | 0000003816 | ||
| 002 | 000004115 | ||
| 005 | 20000330.0 | ||
| 020 | |a 9679963829 | ||
| 090 | 0 | 0 | |a 297.1220296 |b AFZ |
| 100 | 0 | |a Afzalur Rahman | |
| 245 | 1 | 0 | |a Indek's al Quran |c Afzalur Rahman ; penterjemah Yusof Ismail |
| 260 | |a Kuala Lumpur : |b A.S Noordeen , |c 1994 | ||
| 300 | |a 379p. ; |c 22cm. | ||
| 650 | 0 | 0 | |a Quran |x Indexes |
| 999 | |a 096553 |b BUKU |c PINJAMAN |e PERPUSTAKAAN KOMUNITI PETALING JAYA | ||